Implications of Environmental Taxation for Economic Growth and Government Expenditures in Visegrad Group Countries

Zisťovanie, ako environmentálne dane ovplyvňujú ekonomický rast v Česku, Maďarsku, Poľsku a na Slovensku v sledovanom období. Identifikácia vzťahu medzi celkovými príjmami environmentálnych daní, príjmami daní z energií, príjmami z dopravy a ekonomickým rastom. Vzťah medzi environmentálnym zdaňovaní...

Ausführliche Beschreibung

Gespeichert in:
Bibliographische Detailangaben
1. Verfasser: Mirović, Vera
Weitere Verfasser: Kalaš, Branimir, Andrašić, Jelena, Milenković, Nada
Format: Buchkapitel
Sprache:Englisch
Schlagworte:
Tags: Tag hinzufügen
Keine Tags, Fügen Sie das erste Tag hinzu!

MARC

LEADER 00000naa a2200000 4500
001 0296172
005 20230912091106.4
041 0 |a eng 
044 |a CZ 
245 1 0 |a Implications of Environmental Taxation for Economic Growth and Government Expenditures in Visegrad Group Countries  |c Vera Mirović, Branimir Kalaš, Jelena Andrašić, Nada Milenković 
520 |a Zisťovanie, ako environmentálne dane ovplyvňujú ekonomický rast v Česku, Maďarsku, Poľsku a na Slovensku v sledovanom období. Identifikácia vzťahu medzi celkovými príjmami environmentálnych daní, príjmami daní z energií, príjmami z dopravy a ekonomickým rastom. Vzťah medzi environmentálnym zdaňovaním a vládnymi výdavkami s cieľom identifikovať ich charakter účinkov a vplyvu na ekonomický rast prostredníctvom vládnych výdavkov. 
610 2 0 |a prostredie životné 
610 2 0 |a dane 
610 2 0 |a rast hospodársky 
610 2 0 |a výdavky 
610 2 0 |a výdavky štátne 
610 2 0 |a Vyšehradská štvorka 
610 2 0 |a ekonomika komparatívna 
100 1 |a Mirović, Vera 
700 1 |a Kalaš, Branimir 
700 1 |a Andrašić, Jelena 
700 1 |a Milenković, Nada